书目信息 |
| 题名: |
数字时代的图书馆网络信息系统
|
|
| 作者: | 李广建 主编 | |
| 分册: | ||
| 出版信息: | 北京 北京图书馆出版社 2006 |
|
| 页数: | 364页 | |
| 开本: | 26cm | |
| 丛书名: | 数字时代的图书馆丛书 | |
| 单 册: | ||
| 中图分类: | G250.7 | |
| 科图分类: | ||
| 主题词: | 计算机网络--信息系统--应用--图书馆工作 | |
| 电子资源: | ||
| ISBN: | 7-5013-3138-3 | |
| 000 | 01145oam2 2200241 450 | |
| 001 | 0709000198 | |
| 005 | 20070531082645.31 | |
| 010 | @a7-5013-3138-3@dCNY50.00 | |
| 100 | @a20061011d2006 ekmy0chiy0120 ea | |
| 101 | 0 | @achi |
| 102 | @aCN@b110000 | |
| 105 | @aa z 000yy | |
| 200 | 1 | @a数字时代的图书馆网络信息系统@Ashu zi shi dai de tu shu guan wang luo xin xi xi tong@f李广建主编 |
| 210 | @a北京@c北京图书馆出版社@d2006 | |
| 215 | @a364页@c图@d26cm | |
| 225 | 2 | @a数字时代的图书馆丛书 |
| 330 | @a图书馆网络信息系统的建设是我国当前图书馆建设的热点。本书对这一热点问题涉及的知识和技术进行了详细全面的介绍,概述了国内外数字图书馆的发展,介绍了图书馆网络信息系统建设中的硬件建设、应用系统建设等问题,还论述了与购买及引进图书馆软硬件系统有关的内容,最后阐述了图书馆如何开发图书馆网络信息系统。本书对图书馆自动化实践与研究有重要的参考价值,实用性强。全套数字时代的图书馆丛书适合作为当前图书馆从业人员职业培训教材。 | |
| 461 | 0 | @12001 @a数字时代的图书馆丛书 |
| 606 | 0 | @a计算机网络@x信息系统@x应用@x图书馆工作 |
| 690 | @aG250.7@v4 | |
| 701 | 0 | @a李广建@Ali guang jian@4主编 |
| 801 | 0 | @aCN@bTJXH@c20070531 |
| 905 | @a10447@dG250.7@e114 | |
| 数字时代的图书馆网络信息系统/李广建主编.-北京:北京图书馆出版社,2006 |
| 364页:图;26cm.-(数字时代的图书馆丛书) |
| ISBN 7-5013-3138-3:CNY50.00 |
| 图书馆网络信息系统的建设是我国当前图书馆建设的热点。本书对这一热点问题涉及的知识和技术进行了详细全面的介绍,概述了国内外数字图书馆的发展,介绍了图书馆网络信息系统建设中的硬件建设、应用系统建设等问题,还论述了与购买及引进图书馆软硬件系统有关的内容,最后阐述了图书馆如何开发图书馆网络信息系统。本书对图书馆自动化实践与研究有重要的参考价值,实用性强。全套数字时代的图书馆丛书适合作为当前图书馆从业人员职业培训教材。 |
| ● |
| 相关链接 |
|
|
|
|
正题名:数字时代的图书馆网络信息系统
索取号:G250.7/114
 
预约/预借
| 序号 | 登录号 | 条形码 | 馆藏地/架位号 | 状态 | 备注 |
| 1 | 0523639 | 205236396 | 第一样本阅览室/ [索取号:G250.7/114] | 在馆 | |
| 2 | 0523640 | 205236403 | 第四借阅区/ [索取号:G250.7/114] | 在馆 | |
| 3 | 0523641 | 205236412 | 第四借阅区/ [索取号:G250.7/114] | 在馆 |